Old age security progress, 1931. : Report of proceedings of the fourth National conference on old age security /

Bibliographic Details
Corporate Authors: National Conference on Social Security New York, American Association for Social Security
Format: Conference Proceeding Book
Language:English
Published: New York city : American association for old age security, [1931]
Subjects:

MARC

Tag First Indicator Second Indicator Subfields
LEADER 00000cam a2200000 4500
001 in00000246021
005 20151009090322.0
008 780310s1931 nyu 00000 eng d
010 |a  34007292  
035 |a (OCoLC)03704729 
035 |9 ABA3223AM 
040 |a DLC  |c TLM  |d TXA  |d UtOrBLW 
049 |a TXAM  |c [1000947] 
050 0 |a HD7106.U5  |b N15 1931 
092 |a 331.25 
111 2 |a National Conference on Social Security  |n (4th :  |d 1931 :  |c New York) 
245 1 0 |a Old age security progress, 1931. :  |b Report of proceedings of the fourth National conference on old age security /  |c held in New York, April 10, 1931. 
264 1 |a New York city :  |b American association for old age security,  |c [1931] 
300 |a 91 pages ;  |c 23 cm. 
336 |a text  |b txt  |2 rdacontent 
337 |a unmediated  |b n  |2 rdamedia 
338 |a volume  |b nc  |2 rdacarrier 
650 0 |a Old age pensions  |z United States. 
710 2 |a American Association for Social Security. 
999 |a MARS 
999 f f |s a54ba000-628c-338f-8a5c-bf573c6be6fe  |i 4e027d03-6351-358f-93f6-5b0a0cdfe252  |t 0 
952 f f |p ric  |a Texas A&M University  |b Rellis Campus  |c Joint Library Facility  |d Remote Storage  |t 0  |e HD7106.U5 N15 1931  |h Library of Congress classification  |i unmediated -- volume  |m A14802696587 
998 f f |a HD7106.U5 N15 1931  |t 0  |l Remote Storage